000 00916nam a2200277 i 4500
001 8272
003 KOSZ 005
005 20170701100836.0
008 080520s1965 pl a f f 001 0 pol
015 _aPB 1965/4917
040 _aWA N
_cKOSZ 005/RW
_dKOSZ 005/RW
080 _a628.1
080 _a663
100 1 _aRudziński, Bronisław.
245 1 0 _aUrządzenia do oczyszczania wody /
_cBronisław Rudziński.
250 _aWyd. 2 popr. i uzup.
260 _aWarszawa :
_b"Arkady",
_c1965.
300 _a356 s. :
_bil. ;
_c25 cm.
380 _aKsiążki
504 _aBibliogr. s. 342. Inddeks.
521 8 _aDla techników, inżynierów oraz studentów wydz. inż. i sanit. i wodnej.
650 4 _aFiltry do wody.
710 2 _aWydawnictwo "Arkady".
_4pbl.
856 _uhttp://koha.tu.koszalin.pl/cgi-bin/koha/opac-detail.pl?biblionumber=8272
_yKatalog online BPK
942 _2UKD
_cKS
999 _c8272
_d8272